000 00567nam a2200181Ia 4500
003 OSt
005 20230519105212.0
008 210423s1997 xx 000 0 und d
040 _cAL
041 _aeng
082 _a158.3
_223
_bHORH
100 _aHORNE (Arthur M);KISELICA (Mark S).
_9109416
245 _aHandbook of counselling boys and adolescent males: practitioners guide.
260 _aNew Delhi
_bSage Publications
_c1997
365 _b2194
_cINR
906 _aadolescent ; boys ; counselling ; guide ; Handbook ; males ; practitioners
942 _2ddc
_cBK
999 _c172535
_d172535